00392nam a2200145Ia 4500008004100000020001500041041001200056082001600068100002400084245006600108250000800174260004800182300000800230650000800238221030s9999 xx 000 0 und d a8122416071 aEnglish a105.23bGul aR. R. Gulati ( PR ) 0aMonochrome & Colour Television ( PR )cby R. R. Gulati ( PR ) a2nd bNew Age International PubaNew Delhic2006 a688 aECE